000 00585nam a2200121Ia 4500
008 220615s9999||||xx |||||||||||||| ||und||
100 _aSudheer Neralla
245 0 _aChemical Vapor Deposition - Recent Advances and Applications in Optical, Solar Cells and Solid State Devices
546 _aEnglish[eng]
650 _aPhysical Sciences||Engineering and Technology||Chemistry||Inorganic Chemistry||Solid-State Chemistry
856 _uhttps://www.intechopen.com/books/chemical-vapor-deposition-recent-advances-and-applications-in-optical-solar-cells-and-solid-state-devices
942 _cEB
999 _c15971
_d15971